书目信息 |
| 题名: |
生活中来
|
|
| 作者: | 翡翠 主编 | |
| 分册: | ||
| 出版信息: | 北京 北京科学技术出版社 2006 |
|
| 页数: | 45,654页 | |
| 开本: | 21cm | |
| 丛书名: | ||
| 单 册: | ||
| 中图分类: | TS976.3 | |
| 科图分类: | ||
| 主题词: | 家庭生活--基本知识 | |
| 电子资源: | ||
| ISBN: | 7-5304-3225-7 | |
| 000 | 00725nam0 2200229 450 | |
| 001 | 012005109890 | |
| 005 | 20061105083036.50 | |
| 010 | @a7-5304-3225-7@dCNY33.00 | |
| 100 | @a20060118d2006 em y0chiy0110 ea | |
| 101 | 0 | @achi |
| 102 | @aCN@b110000 | |
| 105 | @ay z 000yy | |
| 200 | 1 | @a生活中来@9sheng huo zhong lai@e居家妙招@f翡翠主编 |
| 210 | @a北京@c北京科学技术出版社@d2006 | |
| 215 | @a45,654页@d21cm | |
| 330 | @a本书分“饮食营养”、“护家秘芨”、“穿衣打扮”、“养生保健”四大部分阐述了现代家庭生活的必备常识。 | |
| 517 | 1 | @a居家妙招@9ju jia miao zhao |
| 606 | 0 | @a家庭生活@x基本知识 |
| 690 | @aTS976.3@v4 | |
| 701 | 0 | @a翡翠@9fei cui@4主编 |
| 801 | 0 | @aCN@bRENTIAN@c20061105 |
| 905 | @a10447@dTS976.3@e149 | |
| 生活中来:居家妙招/翡翠主编.-北京:北京科学技术出版社,2006 |
| 45,654页;21cm |
| ISBN 7-5304-3225-7:CNY33.00 |
| 本书分“饮食营养”、“护家秘芨”、“穿衣打扮”、“养生保健”四大部分阐述了现代家庭生活的必备常识。 |
| ● |
| 相关链接 |
|
|
|
|
正题名:生活中来
索取号:TS976.3/149
 
预约/预借
| 序号 | 登录号 | 条形码 | 馆藏地/架位号 | 状态 | 备注 |
| 1 | 0380347 | 203803474 | 第二样本阅览室/ [索取号:TS976.3/149] | 在馆 | |
| 2 | 0380348 | 203803483 | 第三借阅区/ [索取号:TS976.3/149] | 在馆 | |
| 3 | 0380349 | 203803492 | 第三借阅区/ [索取号:TS976.3/149] | 在馆 |